[Event "Titled Tuesday intern op 06th Feb Early"]
[Site "Chess.com INT"]
[Date "2024.02.06"]
[Round "3"]
[White "Gelman, Alexander"]
[Black "Acosta Villarroel, Lorner Justus"]
[Result "1-0"]
[WhiteElo "2403"]
[BlackElo "2168"]
[PlyCount "105"]
[EventDate "2024.02.06"]
[EventType "swiss (blitz)"]
[EventRounds "11"]
[EventCountry "USA"]
[SourceTitle "CB07_2024"]
[SourceDate "2024.02.14"]
[SourceVersion "1"]
[SourceVersionDate "2024.02.14"]
[SourceQuality "1"]

1. c4 Nf6 2. d3 g6 3. Nf3 Bg7 4. e3 0-0 5. Be2 c5 6. a3 d5 7. cxd5 Nxd5 8. Qc2 b6 9. Nbd2 Bb7 10. 0-0 Nc6 11. Ne4 Rc8 12. Bd2 e5 13. Rac1 Qe7 14. Qb1 h6 15. Rfe1 Kh7 16. Ng3 Rcd8 17. h3 Qd7 18. h4 Nde7 19. b4 cxb4 20. axb4 Nf5 21. Ne4 Nce7 22. Bc3 f6 23. Red1 Kh8 24. b5 Qe6 25. Qa1 Ra8 26. Bb4 Rfd8 27. Ba3 Nd5 28. Qa2 Rac8 29. Bb2 Ra8 30. Bf1 Qe8 31. Qa4 a6 32. Qb3 axb5 33. g4 Nd6 34. g5 fxg5 35. hxg5 h5 36. Bg2 Nf5 37. Rc2 Nfxe3 38. fxe3 Nxe3 39. Rdc1 Bd5 40. Qb4 Nxc2 41. Rxc2 Qe6 42. Qxb5 Rac8 43. Re2 Qf5 44. Qxb6 Rb8 45. Qc7 Rdc8 46. Qe7 Re8 47. Qd6 Red8 48. Qc5 Rbc8 49. Qe3 Bb7 50. Nf6 Bxf3 51. Bxf3 Rxd3 52. Qxe5 Rxf3 53. Qxf5 1-0

[Event "Titled Tuesday intern op 01st Mar Early"]
[Site "Chess.com INT"]
[Date "2022.03.01"]
[Round "6"]
[White "Gelman, Alexander"]
[Black "Lazavik, Denis"]
[Result "0-1"]
[WhiteElo "2403"]
[BlackElo "2472"]
[PlyCount "70"]
[EventDate "2022.03.01"]
[EventType "swiss (blitz)"]
[EventRounds "11"]
[EventCountry "USA"]
[SourceTitle "CBM 207 Extra"]
[Source "ChessBase"]
[SourceDate "2022.05.31"]
[SourceVersion "1"]
[SourceVersionDate "2022.05.31"]
[SourceQuality "1"]

1. d4 Nf6 2. Nc3 d5 3. Bf4 a6 4. e3 e6 5. g4 Bb4 6. f3 c5 7. Nge2 Nc6 8. a3 Bxc3+ 9. Nxc3 Qb6 10. Na4 Qa5+ 11. c3 c4 12. b4 cxb3 13. Qxb3 Nd7 14. Bd6 b5 15. Nc5 Qb6 16. Nxd7 Bxd7 17. Bc5 Qc7 18. h4 Na5 19. Qc2 Nb7 20. a4 Nxc5 21. dxc5 bxa4 22. Kf2 Qxc5 23. h5 h6 24. Bd3 Ke7 25. c4 dxc4 26. Bxc4 Rhc8 27. Rhc1 Qg5 28. Qb2 Kf8 29. Be2 a5 30. Qb7 Qe7 31. Rc7 Rxc7 32. Qxa8+ Rc8 33. Qxa5 Qc5 34. Qa6 Be8 35. Ra2 Qc7 0-1

[Event "Titled Tuesday intern op 01st Mar Late"]
[Site "Chess.com INT"]
[Date "2022.03.01"]
[Round "6"]
[White "Mickiewicz, Piotr"]
[Black "Gelman, Alexander"]
[Result "0-1"]
[WhiteElo "2294"]
[BlackElo "2403"]
[PlyCount "92"]
[EventDate "2022.03.01"]
[EventType "swiss (blitz)"]
[EventRounds "11"]
[EventCountry "USA"]
[SourceTitle "CBM 207 Extra"]
[Source "ChessBase"]
[SourceDate "2022.05.31"]
[SourceVersion "1"]
[SourceVersionDate "2022.05.31"]
[SourceQuality "1"]

1. Nf3 Nf6 2. b3 c5 3. Bb2 d6 4. e3 e6 5. Bb5+ Nbd7 6. c4 a6 7. Bxd7+ Bxd7 8. d3 Bc6 9. Nbd2 Be7 10. 0-0 Qc7 11. e4 0-0 12. Re1 b5 13. g3 Rab8 14. Qc2 h6 15. Re2 Ba8 16. Rae1 Rfd8 17. Nh4 Nd7 18. Ng2 Bf8 19. f4 d5 20. Nf3 dxc4 21. dxc4 bxc4 22. bxc4 Nb6 23. Be5 Bd6 24. Ne3 Bxe5 25. Nxe5 Rd4 26. N3g4 f6 27. Nf3 Rxc4 28. Qd3 Rd8 29. Qb1 Rb4 30. Qc2 c4 31. Qc3 Qc5+ 32. Kg2 Na4 33. Nxf6+ Kf8 34. Qa1 c3 35. Ng4 Rb2 36. Nf2 Qc4 37. Rd1 Qxe2 38. Rxd8+ Ke7 39. Rxa8 Qxf2+ 40. Kh3 Qxf3 41. Qd1 Qxd1 42. Ra7+ Kf6 43. Rf7+ Kxf7 44. e5 Rxa2 45. Kh4 g5+ 46. Kh3 Qh5# 0-1

[Event "Titled Tuesday intern op 01st Mar Late"]
[Site "Chess.com INT"]
[Date "2022.03.01"]
[Round "8"]
[White "Riehle, Marco"]
[Black "Gelman, Alexander"]
[Result "0-1"]
[WhiteElo "2341"]
[BlackElo "2403"]
[PlyCount "45"]
[EventDate "2022.03.01"]
[EventType "swiss (blitz)"]
[EventRounds "11"]
[EventCountry "USA"]
[SourceTitle "CBM 207 Extra"]
[Source "ChessBase"]
[SourceDate "2022.05.31"]
[SourceVersion "1"]
[SourceVersionDate "2022.05.31"]
[SourceQuality "1"]

1. d4 Nf6 2. Nf3 c5 3. e3 d6 4. Bd3 Nbd7 5. 0-0 e6 6. Nbd2 b6 7. c3 Bb7 8. e4 cxd4 9. cxd4 Be7 10. Re1 0-0 11. Nf1 Rc8 12. Ng3 Qc7 13. h3 Qb8 14. Bg5 h6 15. Bh4 Rfe8 16. e5 dxe5 17. dxe5 Bxf3 18. Qxf3 Nxe5 19. Qe3 Nxd3 20. Qxd3 g5 21. Ne4 gxh4 22. Nxf6+ Bxf6 23. Qf3 0-1

[Event "Titled Tuesday intern op 22nd Feb Early"]
[Site "Chess.com INT"]
[Date "2022.02.22"]
[Round "6"]
[White "Gelman, Alexander"]
[Black "Papp, Petra"]
[Result "1-0"]
[WhiteElo "2403"]
[BlackElo "2336"]
[PlyCount "65"]
[EventDate "2022.02.22"]
[EventType "swiss (blitz)"]
[EventRounds "11"]
[EventCountry "USA"]
[SourceTitle "CBM 207 Extra"]
[Source "ChessBase"]
[SourceDate "2022.05.31"]
[SourceVersion "1"]
[SourceVersionDate "2022.05.31"]
[SourceQuality "1"]

1. d4 Nf6 2. Nc3 d5 3. Bf4 e6 4. Nb5 Na6 5. e3 Be7 6. g4 0-0 7. g5 Nd7 8. h4 c6 9. Nc3 c5 10. Nf3 Nb4 11. Bh3 Nc6 12. Ne2 Qb6 13. Rb1 cxd4 14. exd4 Re8 15. 0-0 Nf8 16. Bg3 Qd8 17. Re1 Bd6 18. Qd2 Bxg3 19. Nxg3 Qd6 20. Rbd1 Ng6 21. Bg4 Bd7 22. h5 Nf8 23. Ne5 Rac8 24. f4 Nxe5 25. fxe5 Qc7 26. c3 Ba4 27. Rc1 a5 28. Rf1 Nd7 29. Rf3 Nb6 30. Rcf1 Re7 31. Rxf7 Kh8 32. Bxe6 Rce8 33. Rf8+ 1-0

[Event "Titled Tuesday intern op 22nd Feb Early"]
[Site "Chess.com INT"]
[Date "2022.02.22"]
[Round "5"]
[White "Gelman, Alexander"]
[Black "Piesik, Piotr"]
[Result "1/2-1/2"]
[WhiteElo "2403"]
[BlackElo "2418"]
[PlyCount "93"]
[EventDate "2022.02.22"]
[EventType "swiss (blitz)"]
[EventRounds "11"]
[EventCountry "USA"]
[SourceTitle "CBM 207 Extra"]
[Source "ChessBase"]
[SourceDate "2022.05.31"]
[SourceVersion "1"]
[SourceVersionDate "2022.05.31"]
[SourceQuality "1"]

1. d4 c5 2. d5 e5 3. Nc3 d6 4. e4 Be7 5. Nf3 a6 6. a4 Bg4 7. h3 Bxf3 8. Qxf3 Bg5 9. Bxg5 Qxg5 10. h4 Qf6 11. Qe2 Ne7 12. g3 0-0 13. Bh3 Qh6 14. 0-0 f5 15. exf5 Nxf5 16. Bxf5 Rxf5 17. Ne4 Nd7 18. Ng5 Qg6 19. Ra3 h6 20. Ne6 Nf8 21. Rb3 Nxe6 22. dxe6 Qxe6 23. Rxb7 d5 24. c4 d4 25. Qg4 g6 26. h5 g5 27. a5 Raf8 28. Rb6 Qxc4 29. Rxh6 Qc2 30. Rg6+ Kh8 31. Rh6+ Kg7 32. Rg6+ Kh7 33. Rxg5 Rxf2 34. Qd7+ R8f7 35. Qxf7+ Rxf7 36. Rxf7+ Kh6 37. Rgf5 d3 38. R7f6+ Kh7 39. Rf8 Qd1+ 40. Kg2 Qe2+ 41. Kh3 d2 42. R5f7+ Kh6 43. Rh8+ Kg5 44. Rg8+ Kh6 45. Rh8+ Kg5 46. Rg8+ Kh6 47. Rh8+ 1/2-1/2

[Event "Titled Tuesday intern op 15th Feb Early"]
[Site "Chess.com INT"]
[Date "2022.02.15"]
[Round "2"]
[White "Gelman, Alexander"]
[Black "Dauner, Benedikt"]
[Result "1-0"]
[WhiteElo "2403"]
[BlackElo "2321"]
[PlyCount "49"]
[EventDate "2022.02.15"]
[EventType "swiss (blitz)"]
[EventRounds "11"]
[EventCountry "USA"]
[SourceTitle "CBM 206 Extra"]
[Source "ChessBase"]
[SourceDate "2022.03.31"]
[SourceVersion "1"]
[SourceVersionDate "2022.03.31"]
[SourceQuality "1"]

1. d4 d5 2. Nc3 Nf6 3. Bf4 c5 4. e3 cxd4 5. exd4 a6 6. Nf3 Nc6 7. Ne5 Bf5 8. g4 Be6 9. Nxc6 bxc6 10. g5 Nd7 11. h4 Bf5 12. Bd3 Bxd3 13. Qxd3 e6 14. 0-0-0 Qa5 15. h5 Bb4 16. g6 fxg6 17. hxg6 Bxc3 18. bxc3 h6 19. Rde1 0-0 20. Bxh6 Qa3+ 21. Kd1 Rxf2 22. Bc1 Qd6 23. Qh3 Kf8 24. Rxe6 Qf4 25. Qh8# 1-0

[Event "Titled Tuesday intern op 15th Feb Early"]
[Site "Chess.com INT"]
[Date "2022.02.15"]
[Round "5"]
[White "Grischuk, Alexander"]
[Black "Gelman, Alexander"]
[Result "1-0"]
[WhiteElo "2764"]
[BlackElo "2403"]
[PlyCount "57"]
[EventDate "2022.02.15"]
[EventType "swiss (blitz)"]
[EventRounds "11"]
[EventCountry "USA"]
[SourceTitle "CBM 206 Extra"]
[Source "ChessBase"]
[SourceDate "2022.03.31"]
[SourceVersion "1"]
[SourceVersionDate "2022.03.31"]
[SourceQuality "1"]

1. e4 c5 2. Nc3 e6 3. Nf3 a6 4. g3 d6 5. Bg2 Nf6 6. 0-0 Nc6 7. d4 cxd4 8. Nxd4 Bd7 9. Be3 Be7 10. a4 0-0 11. f4 Rc8 12. Nb3 Na5 13. e5 dxe5 14. fxe5 Nd5 15. Nxd5 exd5 16. Bxd5 Bh3 17. Rxf7 Rxf7 18. Bxf7+ Kxf7 19. Qh5+ Kg8 20. Qxh3 Nc4 21. Bd4 Nd2 22. Qe6+ Kh8 23. c3 Rc6 24. Qf7 Ne4 25. Rf1 Ng5 26. Qf5 Rg6 27. Bc5 Ne6 28. Bxe7 Qxe7 29. Nd4 1-0

[Event "Titled Tuesday intern op 15th Feb Early"]
[Site "Chess.com INT"]
[Date "2022.02.15"]
[Round "1"]
[White "Gubanov, Oleg"]
[Black "Gelman, Alexander"]
[Result "0-1"]
[WhiteElo "2258"]
[BlackElo "2403"]
[PlyCount "72"]
[EventDate "2022.02.15"]
[EventType "swiss (blitz)"]
[EventRounds "11"]
[EventCountry "USA"]
[SourceTitle "CBM 206 Extra"]
[Source "ChessBase"]
[SourceDate "2022.03.31"]
[SourceVersion "1"]
[SourceVersionDate "2022.03.31"]
[SourceQuality "1"]

1. e4 c5 2. Nf3 e6 3. c3 d5 4. exd5 exd5 5. d4 Nc6 6. Be3 cxd4 7. Nxd4 Nf6 8. Be2 Bd6 9. h3 0-0 10. Nd2 Re8 11. N2f3 Rxe3 12. fxe3 Bg3+ 13. Kf1 Ne4 14. Qc2 Nxd4 15. Nxd4 Bd7 16. Bf3 Qf6 17. Ke2 Re8 18. Rhf1 Qg5 19. Qd3 h6 20. c4 dxc4 21. Qxe4 Rxe4 22. Bxe4 b5 23. Nf5 Be5 24. g4 Bxb2 25. Rad1 Bxf5 26. Rxf5 Qh4 27. Rd7 Bf6 28. Bd5 Qxh3 29. Rxf7 Kh7 30. R5xf6 Qxg4+ 31. Rf3 c3 32. R7f4 Qg2+ 33. Rf2 Qxd5 34. Rd4 Qxa2+ 35. Kf3 Qb1 36. Rd7 Qf5+ 0-1

[Event "Titled Tuesday intern op 08th Feb Early"]
[Site "Chess.com INT"]
[Date "2022.02.08"]
[Round "2"]
[White "Gelman, Alexander"]
[Black "Al Tarbosh, Ward"]
[Result "0-1"]
[WhiteElo "2403"]
[BlackElo "2221"]
[PlyCount "54"]
[EventDate "2022.02.08"]
[EventType "swiss (blitz)"]
[EventRounds "11"]
[EventCountry "USA"]
[SourceTitle "CBM 206 Extra"]
[Source "ChessBase"]
[SourceDate "2022.03.31"]
[SourceVersion "1"]
[SourceVersionDate "2022.03.31"]
[SourceQuality "1"]

1. d4 d5 2. Nc3 c6 3. Bf4 Nf6 4. f3 Qa5 5. Qd2 e6 6. e4 dxe4 7. fxe4 Bb4 8. Bd3 Nbd7 9. Nf3 c5 10. dxc5 Nxc5 11. 0-0 Ncxe4 12. Qe2 Nxc3 13. bxc3 Bc5+ 14. Kh1 0-0 15. Be5 Be7 16. Rab1 h6 17. Rb5 Qd8 18. g4 Bd7 19. Rb4 Bc6 20. h4 Bxb4 21. cxb4 Nxg4 22. Ba1 Qxh4+ 23. Kg1 Qg3+ 24. Kh1 Nh2 25. Qxh2 Bxf3+ 26. Rxf3 Qxf3+ 27. Kg1 Qd1+ 0-1

[Event "Titled Tuesday intern op 08th Feb Early"]
[Site "Chess.com INT"]
[Date "2022.02.08"]
[Round "4"]
[White "Gelman, Alexander"]
[Black "Osmak, Iulija"]
[Result "1-0"]
[WhiteElo "2403"]
[BlackElo "2432"]
[PlyCount "81"]
[EventDate "2022.02.08"]
[EventType "swiss (blitz)"]
[EventRounds "11"]
[EventCountry "USA"]
[SourceTitle "CBM 206 Extra"]
[Source "ChessBase"]
[SourceDate "2022.03.31"]
[SourceVersion "1"]
[SourceVersionDate "2022.03.31"]
[SourceQuality "1"]

1. d4 Nf6 2. Nc3 d5 3. Bf4 c5 4. e3 cxd4 5. exd4 a6 6. Nf3 Nc6 7. Ne5 e6 8. Qd2 Bb4 9. f3 Bd7 10. a3 Ba5 11. g4 0-0 12. h4 Rc8 13. h5 Ne8 14. g5 f6 15. Nxd7 Qxd7 16. g6 h6 17. 0-0-0 Bxc3 18. Qxc3 Nd6 19. Qe1 Nf5 20. Bh3 Ncxd4 21. c3 Nxf3 22. Qe2 N3d4 23. Qd3 Nb3+ 24. Kb1 Nc5 25. Qf3 Qb5 26. Bxf5 exf5 27. Rxd5 Qc4 28. Rhd1 Qe4+ 29. Qxe4 Nxe4 30. Rd7 b5 31. Rb7 Rcd8 32. Rxd8 Rxd8 33. Ra7 Nf2 34. Rxa6 Nh3 35. Bc7 Rc8 36. Rb6 f4 37. Rxb5 f3 38. Bg3 f2 39. Rf5 Re8 40. Bxf2 Re2 41. Bd4 1-0

[Event "Titled Tuesday intern op 08th Feb Early"]
[Site "Chess.com INT"]
[Date "2022.02.08"]
[Round "7"]
[White "Nepomniachtchi, Ian"]
[Black "Gelman, Alexander"]
[Result "1-0"]
[WhiteElo "2773"]
[BlackElo "2403"]
[PlyCount "107"]
[EventDate "2022.02.08"]
[EventType "swiss (blitz)"]
[EventRounds "11"]
[EventCountry "USA"]
[SourceTitle "CBM 206 Extra"]
[Source "ChessBase"]
[SourceDate "2022.03.31"]
[SourceVersion "1"]
[SourceVersionDate "2022.03.31"]
[SourceQuality "1"]

1. e4 c5 2. Nf3 e6 3. d4 cxd4 4. Nxd4 a6 5. Nc3 d6 6. Qf3 Nf6 7. Bg5 Nbd7 8. 0-0-0 Qc7 9. a3 Be7 10. Qg3 b5 11. Bxb5 axb5 12. Ndxb5 Qc5 13. Be3 Qc4 14. Rd4 Qc6 15. Nxd6+ Kf8 16. Rhd1 h5 17. Rc4 Qa6 18. h4 Bxd6 19. Qxd6+ Qxd6 20. Rxd6 Ke7 21. Rd2 Ba6 22. Rc7 Rhc8 23. Rxc8 Rxc8 24. f3 Ne5 25. Rd4 Nc4 26. Bg5 Ke8 27. a4 Nd7 28. b3 Nce5 29. Kb2 f6 30. Be3 Bf1 31. Rd2 Rb8 32. Ka3 Nb6 33. Bxb6 Rxb6 34. f4 Ng4 35. g3 Rc6 36. Na2 Ne3 37. Nb4 Rc8 38. Kb2 Ke7 39. c3 g5 40. hxg5 fxg5 41. fxg5 Rg8 42. Nc6+ Kf7 43. Rf2+ Ke8 44. Rf3 Nd1+ 45. Kc2 Be2 46. Rf6 Rxg5 47. Nd4 Bg4 48. Kd2 Ke7 49. Rh6 Re5 50. a5 Rxa5 51. Nc6+ Kd6 52. Nxa5 Nf2 53. Ke3 Nd1+ 54. Kd4 1-0

[Event "Titled Tuesday intern op 01st Feb-B"]
[Site "Chess.com INT"]
[Date "2022.02.02"]
[Round "8"]
[White "Gelman, Alexander"]
[Black "Cori Tello, Deysi Estella"]
[Result "0-1"]
[WhiteElo "2403"]
[BlackElo "2406"]
[PlyCount "90"]
[EventDate "2022.02.02"]
[EventType "swiss (blitz)"]
[EventRounds "11"]
[EventCountry "USA"]
[SourceTitle "CBM 206 Extra"]
[Source "ChessBase"]
[SourceDate "2022.03.31"]
[SourceVersion "1"]
[SourceVersionDate "2022.03.31"]
[SourceQuality "1"]

1. d4 f5 2. Nc3 d6 3. e4 Nf6 4. Bd3 fxe4 5. Bxe4 Nbd7 6. Nf3 c6 7. Qe2 Nb6 8. Bg5 Bg4 9. h3 Bh5 10. g4 Bf7 11. 0-0-0 Qd7 12. Bf5 e6 13. Rhe1 0-0-0 14. Bxe6 Bxe6 15. Qxe6 Be7 16. Qxd7+ Rxd7 17. Nh4 Rf8 18. Nf5 Bd8 19. Re6 Ne8 20. Bxd8 Kxd8 21. Ne4 Nc8 22. d5 c5 23. Re1 g6 24. Nh6 Nb6 25. Ng5 Nc7 26. R6e2 Nbxd5 27. c4 Nf4 28. Rd2 b5 29. cxb5 Nxb5 30. Re4 Nd4 31. Rdxd4 cxd4 32. Rxf4 Rxf4 33. Ne6+ Ke7 34. Nxf4 Kf6 35. h4 g5 36. Nd5+ Ke5 37. hxg5 Kxd5 38. Kd2 Ke4 39. Nf5 d5 40. Ke2 Rc7 41. f3+ Ke5 42. Kd3 Rc1 43. Nxd4 Rd1+ 44. Ke3 Rxd4 45. f4+ Rxf4 0-1

[Event "Titled Tuesday intern op 01st Feb-B"]
[Site "Chess.com INT"]
[Date "2022.02.02"]
[Round "6"]
[White "Gelman, Alexander"]
[Black "Suarez Uriel, Adrian"]
[Result "0-1"]
[WhiteElo "2403"]
[BlackElo "2352"]
[PlyCount "46"]
[EventDate "2022.02.02"]
[EventType "swiss (blitz)"]
[EventRounds "11"]
[EventCountry "USA"]
[SourceTitle "CBM 206 Extra"]
[Source "ChessBase"]
[SourceDate "2022.03.31"]
[SourceVersion "1"]
[SourceVersionDate "2022.03.31"]
[SourceQuality "1"]

1. d4 Nf6 2. Nc3 d5 3. Bf4 c5 4. e3 e6 5. Nb5 Na6 6. c3 Be7 7. g4 0-0 8. g5 Ne4 9. f3 Nd6 10. h4 Nxb5 11. Bxb5 Nc7 12. Bd3 Bd6 13. Bxd6 Qxd6 14. f4 b6 15. Nf3 Ba6 16. Bc2 f6 17. h5 e5 18. fxe5 fxe5 19. Nxe5 Rae8 20. Qg4 cxd4 21. cxd4 Qb4+ 22. Kd1 Rf2 23. Nf3 Be2+ 0-1